000 00325nam a22001337a 4500
008 170424b xxu||||| |||| 00| 0 eng d
020 _a9780669243468
041 _aeng
080 _22ND
_a547
100 _a12
101 _aSHM
245 _aMACROSCALE AND MICROSCALE ORGANIC EXPERIMENTS
_cWILLIAMSON, K.L
942 _2udc
_cBK
999 _c11616
_d11616